Terrasssa [Recurs electrònic] : Guia 3D / Ajuntament de Terrassa Guia 3D / Ajuntament de Terrassa
Descripción Física:
1 disc òptic (CD-ROM) ; 12 cm
MARC
| LEADER | 00000nam a2200000Ia 4500 | ||
|---|---|---|---|
| 001 | 19797 | ||
| 008 | 160829s2003 xx 000 0 cat d | ||
| 080 | |a CD-1-86 | ||
| 110 | 1 | |a Terrassa (Catalunya). |b Ajuntament |9 51450 | |
| 245 | |a Terrasssa [Recurs electrònic] : |b Guia 3D / Ajuntament de Terrassa | ||
| 260 | |a Terrassa : |b l'Ajuntament, |c 2003 | ||
| 300 | |a 1 disc òptic (CD-ROM) ; |c 12 cm | ||
| 590 | |a A la caràtula: Terrassa : Guia 3D : Terrassa com no l'has vista mai. | ||
| 590 | |a Requisits mínims: Windows 98 / ME / 2000 / XP, Pèntium III, 64 MB RAM, 3D targeta gràfica, DirectX8 | ||
| 650 | |a Terrassa |x Mapes topogràfics |9 43975 | ||
| 650 | |a Cartografia |x Terrassa |9 43976 | ||
| 901 | |a Arxiu | ||
| 942 | |n 1 | ||
| 952 | |0 0 |1 0 |4 0 |6 CD186 |7 1 |9 51712 |a Arxiu |b Arxiu |d 2016-12-01 |l 0 |o CD-1-86 |p 19797 |r 2016-12-01 00:00:00 |w 2016-12-01 |y ARXIU | ||
| 999 | |c 55558 |d 55558 | ||